[Event "Hessenliga 0910"]
[Site "Germany"]
[Date "2009.12.13"]
[Round "5.6"]
[White "Hanemann, Ingo"]
[Black "Huisl, Wolfgang"]
[Result "1/2-1/2"]
[WhiteElo "2188"]
[BlackElo "2284"]
[PlyCount "38"]
[EventDate "2009.09.20"]
[EventType "team-tourn"]
[EventRounds "9"]
[EventCountry "GER"]
[SourceTitle "EXT 2011"]
[Source "ChessBase"]
[SourceDate "2010.11.26"]
[SourceVersion "1"]
[SourceVersionDate "2010.11.26"]
[SourceQuality "1"]
[WhiteTeam "Bad Homburg"]
[BlackTeam "Hofheim II"]
[WhiteTeamCountry "GER"]
[BlackTeamCountry "GER"]

1. e4 e5 2. Nf3 Nc6 3. Bb5 Nf6 4. 0-0 Nxe4 5. d4 Nd6 6. Bxc6 dxc6 7. dxe5 Nf5 8. Qxd8+ Kxd8 9. Rd1+ Ke8 10. Nc3 h6 11. h3 Bd7 12. Bf4 Rd8 13. e6 Bxe6 14. Bxc7 Rd7 15. Rxd7 Kxd7 16. Bh2 Bd6 17. Rd1 Ke7 18. Bxd6+ Nxd6 19. Nd4 Bd7 1/2-1/2

[Event "Hessenliga 0405"]
[Site "Germany"]
[Date "2004.11.07"]
[Round "3.6"]
[White "Elstner, Eik"]
[Black "Huisl, Wolfgang"]
[Result "1-0"]
[WhiteElo "2071"]
[BlackElo "2295"]
[PlyCount "31"]
[EventDate "2004.09.26"]
[EventType "team"]
[EventRounds "9"]
[EventCountry "GER"]
[SourceTitle "EXT 2006"]
[Source "ChessBase"]
[SourceDate "2005.11.24"]
[SourceVersion "1"]
[SourceVersionDate "2005.11.24"]
[SourceQuality "1"]
[WhiteTeam "Eppstein"]
[BlackTeam "Hofheim II"]
[WhiteTeamCountry "GER"]
[BlackTeamCountry "GER"]

1. d4 e6 2. c4 b6 3. Nc3 Bb4 4. e4 Bb7 5. d5 Nf6 6. Bd3 Qe7 7. Nge2 Bxc3+ 8. bxc3 e5 9. 0-0 h6 10. Ng3 g6 11. Be3 d6 12. f4 exf4 13. Rxf4 Nbd7 14. Qf1 Ne5 15. Rxf6 Nxd3 16. Qxd3 1-0

[Event "Hessenliga 0102"]
[Site "Germany"]
[Date "2002.04.21"]
[Round "9.1"]
[White "Meiser, Markus"]
[Black "Huisl, Wolfgang"]
[Result "1/2-1/2"]
[WhiteElo "2200"]
[BlackElo "2317"]
[PlyCount "30"]
[EventDate "2001.10.??"]
[EventType "team"]
[EventRounds "9"]
[EventCountry "GER"]
[SourceTitle "EXT 2003"]
[Source "ChessBase"]
[SourceDate "2002.11.25"]
[SourceVersion "1"]
[SourceVersionDate "2002.11.25"]
[SourceQuality "1"]
[WhiteTeam "Lorsch"]
[BlackTeam "Hofheim II"]
[WhiteTeamCountry "GER"]
[BlackTeamCountry "GER"]

1. d4 f5 2. g3 Nf6 3. Bg2 e6 4. Nf3 Be7 5. 0-0 0-0 6. c4 d6 7. b3 a5 8. Nc3 Ne4 9. Nxe4 fxe4 10. Ne1 d5 11. f3 c5 12. fxe4 Rxf1+ 13. Kxf1 dxc4 14. e3 cxb3 15. axb3 Nc6 1/2-1/2

[Event "Hessenliga 0102"]
[Site "Germany"]
[Date "2001.12.02"]
[Round "4.3"]
[White "Klink, Robert"]
[Black "Huisl, Wolfgang"]
[Result "1/2-1/2"]
[WhiteElo "2186"]
[BlackElo "2317"]
[PlyCount "120"]
[EventDate "2001.10.??"]
[EventType "team"]
[EventRounds "9"]
[EventCountry "GER"]
[SourceTitle "EXT 2003"]
[Source "ChessBase"]
[SourceDate "2002.11.25"]
[SourceVersion "1"]
[SourceVersionDate "2002.11.25"]
[SourceQuality "1"]
[WhiteTeam "Kassel"]
[BlackTeam "Hofheim II"]
[WhiteTeamCountry "GER"]
[BlackTeamCountry "GER"]

1. e4 e5 2. Nf3 Nc6 3. Bc4 Be7 4. d4 d6 5. h3 Nf6 6. Nc3 0-0 7. 0-0 Nxe4 8. Nxe4 d5 9. Bxd5 Qxd5 10. Nc3 Qa5 11. dxe5 Nxe5 12. Nxe5 Qxe5 13. Re1 Qc5 14. Be3 Qc6 15. Nd5 Bd6 16. Bf4 Be6 17. Bxd6 Qxd6 18. Ne3 Qxd1 19. Raxd1 Rfd8 20. a3 Kf8 21. Kf1 Rxd1 22. Rxd1 Ke7 23. Nd5+ Bxd5 24. Rxd5 Rd8 25. Re5+ Kf6 26. Rc5 c6 27. Rc3 Rd5 28. Rb3 b6 29. Rc3 c5 30. Rf3+ Ke6 31. Re3+ Re5 32. Rg3 g6 33. Rd3 Rd5 34. Re3+ Re5 35. Rd3 Rd5 36. Ke2 Rxd3 37. Kxd3 Kd5 38. Ke3 Ke5 39. Kd3 Kd5 40. Ke3 Ke5 41. b3 f5 42. f4+ Kd5 43. c4+ Ke6 44. Kf3 a5 45. Kg3 Kf7 46. Kf3 Ke6 47. Kf2 Kf7 48. Kg3 Ke6 49. Kf2 Kf6 50. Ke3 Ke6 51. Kd3 Kd6 52. Ke3 Ke6 53. Kf3 Kf6 54. Kg3 Ke6 55. Kh4 Kf6 56. g4 h6 57. Kg3 Kg7 58. Kf3 Kh7 59. h4 h5 60. gxh5 gxh5 1/2-1/2

[Event "Hessenliga 0001"]
[Site "Hessen"]
[Date "2001.03.04"]
[Round "7.3"]
[White "Reinert, Stephane"]
[Black "Huisl, Wolfgang"]
[Result "0-1"]
[WhiteElo "2091"]
[BlackElo "2315"]
[PlyCount "54"]
[EventDate "2000.10.??"]
[EventType "team"]
[EventRounds "9"]
[EventCountry "GER"]
[SourceTitle "EXT 2002"]
[Source "ChessBase"]
[SourceDate "2001.11.25"]
[SourceVersion "1"]
[SourceVersionDate "2001.11.25"]
[SourceQuality "1"]

1. d4 f5 2. Nf3 Nf6 3. h4 e6 4. Bg5 Be7 5. Nc3 d5 6. e3 Ne4 7. Nxe4 fxe4 8. Ne5 0-0 9. Qg4 Nc6 10. f3 Qd6 11. Bxe7 Qxe7 12. c3 Nxe5 13. dxe5 Qc5 14. Kd2 Bd7 15. Re1 Rf5 16. f4 b5 17. Qd1 b4 18. Qc2 Rb8 19. Be2 Qa5 20. Ra1 bxc3+ 21. bxc3 Ba4 22. Qc1 Bb5 23. Bxb5 Rxb5 24. Qc2 Rf8 25. Rhb1 Rfb8 26. Kc1 Qa3+ 27. Kd2 Rb2 0-1

[Event "Hessenliga 9900"]
[Site "Hessen"]
[Date "2000.04.02"]
[Round "9.4"]
[White "Huisl, Wolfgang"]
[Black "Kersting, Martin"]
[Result "1/2-1/2"]
[WhiteElo "2315"]
[BlackElo "2258"]
[PlyCount "70"]
[EventDate "1999.09.26"]
[EventType "team"]
[EventRounds "11"]
[EventCountry "GER"]
[SourceTitle "EXT 2002"]
[Source "ChessBase"]
[SourceDate "2001.11.25"]
[SourceVersion "1"]
[SourceVersionDate "2001.11.25"]
[SourceQuality "1"]

1. g3 c5 2. Bg2 Nc6 3. Nf3 g6 4. 0-0 Bg7 5. c3 e5 6. d3 Nge7 7. e4 d6 8. Nbd2 0-0 9. a4 b6 10. Nc4 h6 11. Rb1 Be6 12. b4 cxb4 13. cxb4 Rc8 14. Bd2 Qd7 15. b5 Nd4 16. Nxd4 exd4 17. Bb4 Bxc4 18. dxc4 Rxc4 19. Qb3 Rfc8 20. e5 dxe5 21. Bc6 R4xc6 22. bxc6 Rxc6 23. Bxe7 Qxe7 24. Rbc1 Rxc1 25. Rxc1 e4 26. Qd5 Kh7 27. Kg2 h5 28. Re1 f5 29. h3 Qc7 30. g4 Qf4 31. gxf5 Qf3+ 32. Kg1 gxf5 33. Rc1 Qxh3 34. Rc7 Qg4+ 35. Kf1 Qd1+ 1/2-1/2

[Event "Hessenliga 9900"]
[Site "Hessen"]
[Date "2000.03.21"]
[Round "8.3"]
[White "Huisl, Wolfgang"]
[Black "Haakert, Juergen"]
[Result "1/2-1/2"]
[WhiteElo "2315"]
[BlackElo "2349"]
[PlyCount "49"]
[EventDate "1999.09.26"]
[EventType "team"]
[EventRounds "11"]
[EventCountry "GER"]
[SourceTitle "EXT 2002"]
[Source "ChessBase"]
[SourceDate "2001.11.25"]
[SourceVersion "1"]
[SourceVersionDate "2001.11.25"]
[SourceQuality "1"]

1. g3 g6 2. Bg2 Bg7 3. d4 d6 4. e4 Nf6 5. Nc3 0-0 6. Nge2 e5 7. h3 Nc6 8. Be3 a6 9. a4 exd4 10. Nxd4 Bd7 11. 0-0 Re8 12. Re1 Rb8 13. a5 Qc8 14. Kh2 Re5 15. f4 Rh5 16. f5 gxf5 17. Nd5 Nxd5 18. Nxc6 fxe4 19. Qxh5 bxc6 20. Bh6 f5 21. Bxg7 Kxg7 22. Qg5+ Kh8 23. c4 Nb4 24. Qf6+ Kg8 25. Qg5+ 1/2-1/2

[Event "Hessenliga 9900"]
[Site "Hessen"]
[Date "1999.11.07"]
[Round "3.4"]
[White "Schmidt, Arndt"]
[Black "Huisl, Wolfgang"]
[Result "1/2-1/2"]
[WhiteElo "2128"]
[BlackElo "2315"]
[PlyCount "35"]
[EventDate "1999.09.26"]
[EventType "team"]
[EventRounds "11"]
[EventCountry "GER"]
[SourceTitle "EXT 2002"]
[Source "ChessBase"]
[SourceDate "2001.11.25"]
[SourceVersion "1"]
[SourceVersionDate "2001.11.25"]
[SourceQuality "1"]

1. Nf3 g6 2. c4 Bg7 3. g3 b6 4. Bg2 Bb7 5. d4 Nf6 6. 0-0 0-0 7. Nc3 d6 8. b3 c5 9. Bb2 cxd4 10. Qxd4 Ne4 11. Qe3 Nxc3 12. Bxc3 Bxc3 13. Qxc3 Nd7 14. Qd4 Rc8 15. h4 Nf6 16. Rfd1 Qc7 17. Ng5 Bxg2 18. Kxg2 1/2-1/2

[Event "Hessenliga 9798"]
[Site "Hessen"]
[Date "1998.??.??"]
[Round "?.2"]
[White "Huisl, Wolfgang"]
[Black "Janoszka, Arnd"]
[Result "0-1"]
[WhiteElo "2315"]
[BlackElo "2210"]
[PlyCount "68"]
[EventDate "1997.10.??"]
[EventType "team"]
[EventRounds "11"]
[EventCountry "GER"]
[SourceTitle "EXT 1999"]
[Source "ChessBase"]
[SourceDate "1998.11.16"]
[SourceVersion "1"]
[SourceVersionDate "1998.11.16"]
[SourceQuality "1"]

1. g3 Nf6 2. Bg2 c5 3. c4 e6 4. Nf3 a6 5. 0-0 b6 6. b3 Bb7 7. Bb2 d6 8. Nc3 Be7 9. d4 cxd4 10. Qxd4 Nbd7 11. Rfd1 0-0 12. Rac1 Qc7 13. Ne1 Rac8 14. e4 Rfd8 15. h3 Qb8 16. Rc2 Bc6 17. Re2 Bf8 18. Nc2 Nc5 19. Qe3 Qa8 20. Nd4 Bb7 21. Kh2 d5 22. cxd5 exd5 23. exd5 Nxd5 24. Nxd5 Bxd5 25. Bxd5 Rxd5 26. Rde1 Rcd8 27. Qf3 Qc8 28. Re7 Bxe7 29. Rxe7 f6 30. Qe3 a5 31. g4 Qb8+ 32. f4 Qd6 33. Kg2 Kf8 34. Ra7 Re8 0-1

[Event "Hessenliga 9798"]
[Site "Hessen"]
[Date "1998.??.??"]
[Round "?.2"]
[White "Huisl, Wolfgang"]
[Black "Reh, Philipp"]
[Result "1/2-1/2"]
[WhiteElo "2315"]
[BlackElo "2155"]
[PlyCount "48"]
[EventDate "1997.10.??"]
[EventType "team"]
[EventRounds "11"]
[EventCountry "GER"]
[SourceTitle "EXT 1999"]
[Source "ChessBase"]
[SourceDate "1998.11.16"]
[SourceVersion "1"]
[SourceVersionDate "1998.11.16"]
[SourceQuality "1"]

1. g3 d5 2. Bg2 e5 3. b3 c6 4. Bb2 Bd6 5. d3 Nf6 6. Nf3 Nbd7 7. e3 0-0 8. 0-0 Re8 9. c4 Qe7 10. cxd5 cxd5 11. Nc3 a6 12. Nh4 Qe6 13. h3 Nc5 14. b4 Ncd7 15. g4 Nb6 16. g5 Nfd7 17. Qb3 d4 18. Nd5 a5 19. Nxb6 Qxb3 20. axb3 Nxb6 21. bxa5 Nd7 22. exd4 exd4 23. Bxd4 Nc5 24. Rab1 Nxd3 1/2-1/2

[Event "Oberliga Ost-C 9596"]
[Site "Germany"]
[Date "1996.??.??"]
[Round "?"]
[White "Meyer, Stefan"]
[Black "Huisl, Wolfgang"]
[Result "1/2-1/2"]
[WhiteElo "2105"]
[BlackElo "2325"]
[PlyCount "80"]
[EventDate "1995.10.??"]
[EventType "team"]
[EventRounds "9"]
[EventCountry "GER"]
[SourceTitle "EXT 1998"]
[Source "ChessBase"]
[SourceDate "1997.11.17"]
[SourceVersion "1"]
[SourceVersionDate "1997.11.17"]
[SourceQuality "1"]

1. c4 f5 2. Nc3 Nf6 3. g3 e5 4. Bg2 Be7 5. e3 0-0 6. d4 d6 7. Nge2 c6 8. b3 Nbd7 9. Qd2 Re8 10. Bb2 Bf8 11. 0-0 Qe7 12. Rae1 e4 13. f3 exf3 14. Rxf3 g6 15. Nf4 Bh6 16. Bc1 Ne4 17. Nxe4 fxe4 18. Rff1 Nf6 19. h3 d5 20. g4 Be6 21. c5 Rf8 22. b4 Bg5 23. Qb2 Bd7 24. Bd2 Rf7 25. Rb1 Raf8 26. Qb3 a6 27. Be1 Bxg4 28. hxg4 Nxg4 29. Bg3 Bh4 30. Nxd5 cxd5 31. Bd6 Qg5 32. Bf4 Rxf4 33. exf4 Rxf4 34. Rxf4 Qxf4 35. Qxd5+ Kg7 36. Qxe4 Qf2+ 37. Kh1 Qg3 38. Kg1 Qf2+ 39. Kh1 Qg3 40. Kg1 Qf2+ 1/2-1/2

[Event "Oberliga Ost-B 9293"]
[Site "Germany"]
[Date "1993.??.??"]
[Round "?"]
[White "Broemel, Richard"]
[Black "Huisl, Wolfgang"]
[Result "1/2-1/2"]
[WhiteElo "2215"]
[BlackElo "2325"]
[PlyCount "53"]
[EventDate "1992.10.??"]
[EventType "team"]
[EventRounds "9"]
[EventCountry "GER"]
[SourceTitle "GER"]
[Source "ChessBase"]
[SourceDate "1999.07.01"]
[SourceVersion "1"]
[SourceVersionDate "1999.07.01"]
[SourceQuality "1"]

1. d4 g6 2. Nf3 Bg7 3. c3 d6 4. Bf4 Nd7 5. e3 e5 6. dxe5 dxe5 7. Bg3 Ne7 8. Bc4 0-0 9. Bh4 Qe8 10. Nbd2 Nf5 11. Ne4 Nxh4 12. Nxh4 Kh8 13. Nf3 Nb6 14. Bb3 Bf5 15. Nfd2 Rd8 16. Qf3 Qd7 17. Qe2 Na4 18. 0-0-0 Qc6 19. Qc4 Qxc4 20. Bxc4 h6 21. Bb3 Bd7 22. f3 f5 23. Nf2 Nc5 24. Nc4 Be6 25. Na5 Nxb3+ 26. axb3 Bc8 27. Kc2 1/2-1/2

[Event "Oberliga Ost-B 9293"]
[Site "Germany"]
[Date "1993.??.??"]
[Round "?"]
[White "Huisl, Wolfgang"]
[Black "Euler, Gerd"]
[Result "0-1"]
[WhiteElo "2325"]
[BlackElo "2345"]
[PlyCount "68"]
[EventDate "1992.10.??"]
[EventType "team"]
[EventRounds "9"]
[EventCountry "GER"]
[SourceTitle "GER"]
[Source "ChessBase"]
[SourceDate "1999.07.01"]
[SourceVersion "1"]
[SourceVersionDate "1999.07.01"]
[SourceQuality "1"]

1. g3 g6 2. Bg2 Bg7 3. d4 Nf6 4. e4 d6 5. Ne2 0-0 6. Nbc3 c6 7. 0-0 Nbd7 8. a4 a5 9. h3 e5 10. Be3 exd4 11. Bxd4 Re8 12. g4 Qe7 13. Ng3 Nc5 14. g5 Nfd7 15. f4 Bxd4+ 16. Qxd4 Ne6 17. Qd2 h6 18. gxh6 Qh4 19. Nce2 Qxh6 20. Qxd6 Ra6 21. e5 Rb6 22. b3 Rb4 23. Ne4 Qh4 24. Qd2 Rd8 25. Qe3 Ng7 26. Nd6 Nf8 27. Nd4 c5 28. N4b5 Nf5 29. Nxf5 Bxf5 30. c3 Rxb3 31. Nd6 Rb2 32. Rab1 Rxb1 33. Rxb1 Bxb1 34. Qxc5 Qxf4 0-1

[Event "BL2-West 9192"]
[Site "Germany"]
[Date "1992.??.??"]
[Round "8.8"]
[White "Bock, Klaus"]
[Black "Huisl, Wolfgang"]
[Result "1-0"]
[WhiteElo "1945"]
[BlackElo "2320"]
[PlyCount "71"]
[EventDate "1991.10.??"]
[EventType "team-tourn"]
[EventRounds "9"]
[EventCountry "GER"]
[SourceTitle "GER-chT2"]
[Source "ChessBase"]
[SourceDate "1999.07.01"]
[SourceVersion "1"]
[SourceVersionDate "1999.07.01"]
[SourceQuality "1"]
[WhiteTeam "Muelheim"]
[BlackTeam "Hofheim"]
[WhiteTeamCountry "GER"]
[BlackTeamCountry "GER"]

1. c4 f5 2. Nc3 Nf6 3. g3 d6 4. d4 e6 5. Bg2 Be7 6. Nf3 0-0 7. 0-0 Ne4 8. Qc2 Nxc3 9. bxc3 Nc6 10. d5 Na5 11. Qa4 c5 12. dxc6 Nxc6 13. Rb1 Qa5 14. Qb3 Qc7 15. Nd4 Nxd4 16. cxd4 Bf6 17. Rd1 Rf7 18. Ba3 Rb8 19. d5 Be7 20. f4 b6 21. Qd3 Bd7 22. e4 exd5 23. cxd5 fxe4 24. Bxe4 g6 25. Rbc1 Qd8 26. Rd2 b5 27. Rdc2 b4 28. Bb2 a5 29. Bd4 Bb5 30. Qe3 Bf8 31. Bf3 Bd7 32. Rc7 Bf5 33. Bb6 Rxc7 34. Bxc7 Qe8 35. Qxe8 Rxe8 36. Bxa5 1-0

[Event "BL2-West 9192"]
[Site "Germany"]
[Date "1991.??.??"]
[Round "3.8"]
[White "Dormann, Lars"]
[Black "Huisl, Wolfgang"]
[Result "0-1"]
[WhiteElo "2305"]
[BlackElo "2320"]
[PlyCount "40"]
[EventDate "1991.10.??"]
[EventType "team-tourn"]
[EventRounds "9"]
[EventCountry "GER"]
[SourceTitle "GER-chT2"]
[Source "ChessBase"]
[SourceDate "1999.07.01"]
[SourceVersion "1"]
[SourceVersionDate "1999.07.01"]
[SourceQuality "1"]
[WhiteTeam "Muenster"]
[BlackTeam "Hofheim"]
[WhiteTeamCountry "GER"]
[BlackTeamCountry "GER"]

1. e4 e5 2. f4 exf4 3. Nf3 d6 4. Bc4 h6 5. 0-0 Nc6 6. d4 g5 7. c3 Bg7 8. g3 Bh3 9. gxf4 Qd7 10. f5 Bxf1 11. Qxf1 0-0-0 12. d5 Ne5 13. Nxe5 Bxe5 14. Bb5 c6 15. Qc4 Ne7 16. Be3 Kb8 17. Qa4 a6 18. dxc6 Nxc6 19. Bd3 d5 20. Nd2 d4 0-1

[Event "Bundesliga 8990"]
[Site "Germany"]
[Date "1990.??.??"]
[Round "?.5"]
[White "Huisl, Wolfgang"]
[Black "Schneider, Bernd"]
[Result "0-1"]
[WhiteElo "2335"]
[BlackElo "2460"]
[PlyCount "108"]
[EventDate "1989.10.??"]
[EventType "team-tourn"]
[EventRounds "15"]
[EventCountry "GER"]
[SourceTitle "GER-chT"]
[Source "ChessBase"]
[SourceDate "1999.07.01"]
[SourceVersion "1"]
[SourceVersionDate "1999.07.01"]
[SourceQuality "1"]
[WhiteTeam "Hofheim"]
[BlackTeam "Solingen"]
[WhiteTeamCountry "GER"]
[BlackTeamCountry "GER"]

1. e4 g6 2. d4 Bg7 3. Nc3 c6 4. Nf3 d5 5. h3 Nh6 6. Bf4 f6 7. exd5 cxd5 8. Nb5 0-0 9. Nc7 e5 10. Bxh6 Bxh6 11. Nxa8 e4 12. Nh2 f5 13. Be2 Nc6 14. c3 Be6 15. 0-0 Qxa8 16. a4 Qb8 17. Re1 Ne7 18. a5 Qc7 19. Ra3 Bf4 20. Nf1 h5 21. b4 Bg5 22. Qb3 Bh4 23. Rc1 Bxf2+ 24. Kh1 f4 25. c4 f3 26. gxf3 exf3 27. Bxf3 dxc4 28. Qc2 Bxd4 29. Qe4 Qd6 30. Rd1 Nf5 31. Rxd4 Qxd4 32. Qxe6+ Kg7 33. Bg2 c3 34. Ra2 Qxb4 35. Qe5+ Kh6 36. Rf2 b5 37. axb6 axb6 38. Be4 Nh4 39. Rxf8 Qxf8 40. Bg2 c2 41. Qe3+ Kh7 42. Ng3 Qd6 43. Ne4 Nf5 44. Ng5+ Kh6 45. Nf7+ Kg7 46. Qc3+ Kxf7 47. Qxc2 Ng3+ 48. Kg1 Qc5+ 49. Qxc5 bxc5 50. Kf2 Nf5 51. Bf1 Ke6 52. Kf3 Ke5 53. Ba6 g5 54. Bb5 Nd4+ 0-1

[Event "Bundesliga 8990"]
[Site "Germany"]
[Date "1989.??.??"]
[Round "?.7"]
[White "Derikum, Axel"]
[Black "Huisl, Wolfgang"]
[Result "1/2-1/2"]
[WhiteElo "2285"]
[BlackElo "2335"]
[PlyCount "129"]
[EventDate "1989.10.??"]
[EventType "team-tourn"]
[EventRounds "15"]
[EventCountry "GER"]
[SourceTitle "GER-chT"]
[Source "ChessBase"]
[SourceDate "1999.07.01"]
[SourceVersion "1"]
[SourceVersionDate "1999.07.01"]
[SourceQuality "1"]
[WhiteTeam "Delmenhorst"]
[BlackTeam "Hofheim"]
[WhiteTeamCountry "GER"]
[BlackTeamCountry "GER"]

1. c4 f5 2. Nf3 Nf6 3. g3 d6 4. Nc3 e5 5. d3 Be7 6. Bg2 0-0 7. 0-0 a5 8. Rb1 Qe8 9. c5 Kh8 10. cxd6 Bxd6 11. e4 Nc6 12. Nd2 Qg6 13. Nc4 Be6 14. Nxd6 cxd6 15. b3 Rad8 16. Be3 d5 17. exd5 Nxd5 18. Nxd5 Bxd5 19. Bb6 Bxg2 20. Kxg2 Rd5 21. Qf3 Qd6 22. Rbc1 Nb4 23. Bc7 Qd7 24. Qe3 Nxd3 25. Rc3 f4 26. Qa7 f3+ 27. Kh1 Qh3 28. Rg1 Nf4 29. Rxf3 Rd1 30. Rxf4 Rxg1+ 31. Kxg1 exf4 32. Bxf4 Rd8 33. Bd2 Qd7 34. Bxa5 Qd1+ 35. Kg2 Qd5+ 36. Kg1 Qd1+ 37. Kg2 Qd5+ 38. Kg1 Rc8 39. Be1 h6 40. Qe3 Rc2 41. a3 Rb2 42. b4 Rb3 43. Qe8+ Kh7 44. a4 Qf3 45. Qe5 Ra3 46. Qb2 Qd3 47. a5 Rb3 48. Qd2 Qe4 49. h4 Rd3 50. Qc1 Qe2 51. Qb1 Kh8 52. Qc1 Kh7 53. Qb1 Kh8 54. Qc1 Qd1 55. Qc8+ Kh7 56. Qf5+ Kg8 57. Qc8+ Kf7 58. Qf5+ Ke7 59. Qc5+ Ke6 60. Qc8+ Kf7 61. Qf5+ Ke7 62. Qc5+ Kf6 63. Qf8+ Kg6 64. h5+ Kxh5 65. Qf5+ 1/2-1/2

[Event "BL2-Sued-West 8889"]
[Site "Germany"]
[Date "1989.??.??"]
[Round "?.3"]
[White "Huisl, Wolfgang"]
[Black "Herbrechtsmeier, Christof"]
[Result "1/2-1/2"]
[WhiteElo "2335"]
[BlackElo "2300"]
[PlyCount "70"]
[EventDate "1988.10.??"]
[EventType "team-tourn"]
[EventRounds "9"]
[EventCountry "GER"]
[SourceTitle "GER-chT2"]
[Source "ChessBase"]
[SourceDate "1999.07.01"]
[SourceVersion "1"]
[SourceVersionDate "1999.07.01"]
[SourceQuality "1"]
[WhiteTeam "Hofheim"]
[BlackTeam "Zaehringen"]
[WhiteTeamCountry "GER"]
[BlackTeamCountry "GER"]

1. Nf3 c5 2. e4 e6 3. Nc3 a6 4. g3 b5 5. Bg2 Bb7 6. d3 Ne7 7. 0-0 Ng6 8. a4 b4 9. Ne2 c4 10. Be3 cxd3 11. Qxd3 Nc6 12. Rfd1 Nge5 13. Nxe5 Nxe5 14. Qd4 Qc7 15. c3 Rc8 16. cxb4 Nc6 17. Qc3 Nxb4 18. Qd2 Bc6 19. Nd4 Be7 20. Nxc6 dxc6 21. Bb6 Qb7 22. a5 0-0 23. Ra4 c5 24. e5 Qb8 25. Qd7 Rfe8 26. Raa1 Nd5 27. Bxd5 exd5 28. Rxd5 Bf8 29. Rad1 c4 30. Qf5 g6 31. Qd7 Re7 32. Qg4 h5 33. Qh3 Re6 34. Rd8 Rxd8 35. Rxd8 Qxe5 1/2-1/2

[Event "Bundesliga 8990"]
[Site "Germany"]
[Date "1989.??.??"]
[Round "?.7"]
[White "Huisl, Wolfgang"]
[Black "Sievers, Stefan"]
[Result "1/2-1/2"]
[WhiteElo "2335"]
[BlackElo "2255"]
[PlyCount "83"]
[EventDate "1989.10.??"]
[EventType "team-tourn"]
[EventRounds "15"]
[EventCountry "GER"]
[SourceTitle "GER-chT"]
[Source "ChessBase"]
[SourceDate "1999.07.01"]
[SourceVersion "1"]
[SourceVersionDate "1999.07.01"]
[SourceQuality "1"]
[WhiteTeam "Hofheim"]
[BlackTeam "Hamburger SK"]
[WhiteTeamCountry "GER"]
[BlackTeamCountry "GER"]

1. e4 c5 2. Nf3 d6 3. Bb5+ Bd7 4. Bxd7+ Qxd7 5. c4 Nc6 6. d4 cxd4 7. Nxd4 g6 8. Nc3 Bg7 9. Be3 Nf6 10. f3 0-0 11. 0-0 e6 12. Qd2 Ne5 13. b3 d5 14. exd5 exd5 15. c5 Rfe8 16. Rad1 Rad8 17. Rfe1 a6 18. Na4 Nc6 19. Nxc6 bxc6 20. Bd4 Qf5 21. Qc3 Rxe1+ 22. Rxe1 Re8 23. Rxe8+ Nxe8 24. Bxg7 Nxg7 25. Kf2 Ne6 26. Qe3 Qb1 27. Qe2 d4 28. Qd2 h5 29. b4 h4 30. Nb6 Qf5 31. Nc4 Qd5 32. Nd6 d3 33. Ne4 Qd4+ 34. Qe3 Qb2+ 35. Qd2 Qd4+ 36. Qe3 Qxb4 37. Qxd3 Qb2+ 38. Qe2 Qd4+ 39. Qe3 Qb2+ 40. Qe2 Qd4+ 41. Qe3 Qb2+ 42. Qe2 1/2-1/2

[Event "Bundesliga 8990"]
[Site "Germany"]
[Date "1989.??.??"]
[Round "?.8"]
[White "Jackelen, Thomas"]
[Black "Huisl, Wolfgang"]
[Result "1-0"]
[WhiteElo "2355"]
[BlackElo "2335"]
[PlyCount "65"]
[EventDate "1989.10.??"]
[EventType "team-tourn"]
[EventRounds "15"]
[EventCountry "GER"]
[SourceTitle "GER-chT"]
[Source "ChessBase"]
[SourceDate "1999.07.01"]
[SourceVersion "1"]
[SourceVersionDate "1999.07.01"]
[SourceQuality "1"]
[WhiteTeam "Koeln Porz"]
[BlackTeam "Hofheim"]
[WhiteTeamCountry "GER"]
[BlackTeamCountry "GER"]

1. Nf3 f5 2. d3 Nf6 3. e4 fxe4 4. dxe4 Nxe4 5. Bd3 d5 6. Bxe4 dxe4 7. Qxd8+ Kxd8 8. Ng5 Ke8 9. Nc3 e5 10. Ngxe4 Bf5 11. Bg5 Nc6 12. 0-0-0 h6 13. Bh4 Kf7 14. f3 g5 15. Bf2 Be7 16. Nd5 Rac8 17. h4 gxh4 18. Nxe7 Nxe7 19. Rxh4 b6 20. Rh5 Rcg8 21. Ng3 Rg5 22. Rdh1 Rxh5 23. Rxh5 Kg6 24. Nxf5 Nxf5 25. g4 Nd4 26. Rxe5 Nxf3 27. Rf5 Ng5 28. Bd4 Rd8 29. Rf6+ Kh7 30. Be3 Kg7 31. Rc6 Rd7 32. Bf4 Rd4 33. Be5+ 1-0

[Event "BL2-Sued-West 8788"]
[Site "Germany"]
[Date "1988.??.??"]
[Round "?.3"]
[White "Werner, Clemens"]
[Black "Huisl, Wolfgang"]
[Result "1/2-1/2"]
[WhiteElo "2255"]
[BlackElo "2320"]
[PlyCount "40"]
[EventDate "1987.10.??"]
[EventType "team-tourn"]
[EventRounds "9"]
[EventCountry "GER"]
[SourceTitle "GER-chT2"]
[Source "ChessBase"]
[SourceDate "1999.07.01"]
[SourceVersion "1"]
[SourceVersionDate "1999.07.01"]
[SourceQuality "1"]
[WhiteTeam "Karlsruhe"]
[BlackTeam "Hofheim"]
[WhiteTeamCountry "GER"]
[BlackTeamCountry "GER"]

1. e4 g6 2. d4 Bg7 3. Nc3 c6 4. Bc4 b5 5. Bb3 d6 6. Nf3 a6 7. 0-0 e6 8. Bg5 Ne7 9. e5 d5 10. Ne2 a5 11. c3 Nd7 12. Re1 Ba6 13. Ng3 h6 14. Bf4 c5 15. dxc5 Nxc5 16. Bc2 Nc6 17. Nd4 Qb6 18. Qg4 h5 19. Qh4 Nxd4 20. cxd4 Na4 1/2-1/2

[Event "BL2-Sued-West 8687"]
[Site "Germany"]
[Date "1987.02.08"]
[Round "5.2"]
[White "Huisl, Wolfgang"]
[Black "Schwamberger, Martin"]
[Result "1-0"]
[WhiteElo "2320"]
[BlackElo "2315"]
[PlyCount "91"]
[EventDate "1986.10.??"]
[EventType "team-tourn"]
[EventRounds "9"]
[EventCountry "GER"]
[SourceTitle "EXT 2011"]
[Source "ChessBase"]
[SourceDate "2010.11.26"]
[SourceVersion "1"]
[SourceVersionDate "2010.11.26"]
[SourceQuality "1"]
[WhiteTeam "Hofheim IV"]
[BlackTeam "Saarbruecken II"]
[WhiteTeamCountry "GER"]
[BlackTeamCountry "GER"]

1. e4 c5 2. Nf3 e6 3. Nc3 a6 4. g3 d6 5. Bg2 Nc6 6. 0-0 Nf6 7. Re1 Be7 8. d4 cxd4 9. Nxd4 Nxd4 10. Qxd4 e5 11. Qd3 Be6 12. Bg5 Qb6 13. Bxf6 Bxf6 14. Nd5 Bxd5 15. Qxd5 Rc8 16. c4 0-0 17. b3 Bd8 18. Rad1 Rc6 19. Bh3 Qc7 20. Re2 Qe7 21. b4 Qc7 22. Rc2 Be7 23. Rdc1 Bg5 24. Rd1 Rd8 25. Bf1 Be7 26. Rcd2 Ra8 27. Rb2 g6 28. a4 Bf8 29. a5 Rb8 30. Rdb1 Ra8 31. Rb3 Be7 32. Rf3 Rf8 33. h4 Bd8 34. Rd1 Be7 35. Kg2 h5 36. Be2 Kg7 37. Rg1 Qc8 38. Rc3 Qc7 39. Kh2 b6 40. axb6 Qxb6 41. c5 Qxb4 42. Rc4 Qb7 43. cxd6 Qb6 44. Rxc6 Qxf2+ 45. Rg2 Qe3 46. dxe7 1-0